000 00926nam a2200241 a 4500
001 40023
003 BD-RjUL
005 20211209053124.0
008 160421s1969 bg |||| |||| 00| 0 ben d
020 _c: Tk. 5.50
035 _a(BD-RjUL)40138
040 _aBD-RjUL
_bben
_cBD-RjUL
041 _aben
082 _223
_a297.12261
_bWAA 1969
100 _aওলীউল্লাহ, শাহ
_9123271
245 1 0 _aআল-ফওযুল কবীর :
_bকুরানের ভাষ্যনীতি /
_cশাহ ওলীউল্লাহ, অনুবাদ মুহম্মদ হাসান আলী
260 _aঢাকা :
_bবাংলা একাডেমী,
_c১৯৬৯
300 _a[৪] ১৮১ পৃ. ;
_c২৩ সেমি.
650 _aকোরআন
_9123272
650 _aQur'an
_9123272
700 _aআলী, মুহম্মদ হাসান
_9188839
942 _2ddc
_cBK
999 _c40023
_d40023